| 000 | 00722nas a2200229 4500 | ||
|---|---|---|---|
| 001 | BR9504943 | ||
| 003 | BR-BrBNA | ||
| 005 | 20231205094425.0 | ||
| 007 | ta | ||
| 008 | 230509b bl.|||p| |||| 00| 00por d | ||
| 040 |
_aBR-BrBNA _bpor _cBiblioteca Nacional de Agricultura |
||
| 041 | _a(Pt) | ||
| 072 | _aL53 | ||
| 100 | 1 | _aAlves, M.I.M. | |
| 245 | 1 | _aAspectos da reproducao do jaraqui escama fina, Semaprochilodus taeniurus (Vallenciennes, 1881) | |
| 650 | _aJaraqui | ||
| 650 | _aAparelho Reprodutor | ||
| 650 | _aReproducao Animal | ||
| 773 | 0 |
_tCiencia Agronomica (Brazil) _xISSN 0045-6888 _g(Jun-Dec 1992), v. 23(1-2) p. 123-137 _wBR9504943 |
|
| 909 |
_a202311 _bLúcia _c55 _dLúcia Elande |
||
| 942 |
_2AGRIS _n0 _cANA |
||
| 999 |
_c144209 _d144209 |
||